Nata sotto una cattiva stella /

Đã lưu trong:
Chi tiết về thư mục
Tác giả chính: Bianchi, Rossella, (1942- ) (Tác giả)
Định dạng: Sách
Ngôn ngữ:Tiếng Italy
Được phát hành: Genova : De Ferrari, 2021
Loạt:Oblò
Các nhãn: Thêm thẻ
Không có thẻ, Là người đầu tiên thẻ bản ghi này!

MARC

LEADER 00000nam a22000007i 4500
001 IT\ICCU\LIG\0368532
003 ItRI
005 20260309134939.0
008 210916s2021 it |||||| ||||| |||||c
020 |a 9788855032773 
040 |b ita  |c ct 
041 7 |a ita  |2 ISO-639-2 
100 1 |a Bianchi, Rossella,  |d  (1942- )  |0 IT\ICCU\CFIV\321154  |4 aut 
245 1 0 |a Nata sotto una cattiva stella /  |c Rossella Bianchi. 
260 |a Genova :  |b De Ferrari,  |c 2021 
300 |a 191 p. :  |b 21 cm 
830 0 |a Oblò  |0 IT\ICCU\CFI\0463611 
942 |2 ddc  |c BK 
999 |c 28899  |d 28899